Capitali del mondo che iniziano con la M - Statistics

Statistiche generali
  • Questo quiz è stato fatto 1.153 volte
    80 dall'ultimo reset
  • Il punteggio medio è 10 su 17
Statistiche sulle risposte
Risposte % Corretto
Madrid
92%
Mosca
92%
Monaco
73%
Manila
71%
Minsk
71%
Mogadiscio
66%
Montevideo
63%
Malé
61%
Maputo
61%
Manama
55%
Managua
53%
Monrovia
52%
Mascate
50%
Mbabane
44%
Moroni
42%
Maseru
37%
Majuro
23%
Nessun quiz corrispondente trovato
Distribuzione punteggi
Percentuale di utenti per punteggio
Percentile per numero di risposta
I tuoi punteggi nel tempo
Non hai fatto questo quiz dall'ultimo reset